000 02310nam0a2200433 4500
001 RU\NLR\bibl\1296924
005 20260405105348.0
010 _a978-5-91468-009-8
_91000
021 _aRU
_b2008-75012
_94320
035 _a(nilc)EL/0000217610
035 _a(NLR Aleph) 001282542
090 _a508235
_c508235
100 _a20081002d2008 |||y0rusy50 ca
101 0 _arus
102 _aRU
105 _ay |||||||||
200 1 _aСпецифика организации учебного процесса в заочном вузе
_e(из опыта подготовки специалистов экономического профиля)
_eмонография
_f[Агеев А.В., к.э.н., преп., Арсеньев Ю.Н., д.т.н., проф., Базилевич А.И., к.э.н., доц. и др.
_gпод ред. к.ф.н., проф. В.П. Матвеева и др.]
210 _aОрел
_cИздатель Александр Воробьев
_d2008
215 _a302, [1] с.
_cил.
_d20
300 _aАвт. указаны на с. 296-297
606 1 _aЗаочное экономическое образование
_yРоссийская Федерация
_92538170
_3RU\NLR\auth\661502884
606 1 _aВысшие экономические учебные заведения
_xЗаочное обучение
_xОрганизация учебной работы
_92538175
_3RU\NLR\auth\661502886
686 _a74.584(2)738.6
_vLBC/RL
_2rubbk
686 _aЧ489.34(2Р)763
686 _aЧ489.314.4
686 _aЧ489.316.32
686 _aЧ484.314.4
701 1 _aАгеев
_bА. В.
_gАлександр Владимирович
_4070
701 1 _4070
_7ca
_8rus
_aАрсеньев
_bЮ. Н.
_cд-р техн. наук
_gЮрий Николаевич
_9147596
_3RU\NLR\AUTH\770147632
701 1 _aБазилевич
_bА. И.
_gАнна Игоревна
_4070
702 1 _4340
_8rus
_7ca
_aМатвеев
_bВ. П.
_f1946-
_cканд. филос. наук
_gВладимир Павлович
_3RU\NLR\auth\7740684
_923635
801 0 _aRU
_bОрловская ОПБ
_c20081002
_grcr
801 1 _aRU
_bОрловская ОПБ
_c20081002
801 2 _aRU
_bNLR
_c20081120
_grcr
830 _aавт. по кн.
942 _cBOOK
980 _aNB